<?xml version="1.0" encoding="UTF-8"?>
<record
    xmlns:xsi="http://www.w3.org/2001/XMLSchema-instance"
    xsi:schemaLocation="http://www.loc.gov/MARC21/slim http://www.loc.gov/standards/marcxml/schema/MARC21slim.xsd"
    xmlns="http://www.loc.gov/MARC21/slim">

  <leader>00885    a2200205   4500</leader>
  <controlfield tag="003">OSt</controlfield>
  <controlfield tag="005">20260220120416.0</controlfield>
  <controlfield tag="008">251003b        |||||||| |||| 00| 0 eng d</controlfield>
  <datafield tag="020" ind1=" " ind2=" ">
    <subfield code="a">9789356969360</subfield>
  </datafield>
  <datafield tag="028" ind1=" " ind2=" ">
    <subfield code="a">Jaypee  Brothers  Medical Publishers</subfield>
  </datafield>
  <datafield tag="082" ind1=" " ind2=" ">
    <subfield code="2">23</subfield>
    <subfield code="a">610.7367</subfield>
  </datafield>
  <datafield tag="100" ind1=" " ind2=" ">
    <subfield code="a">Sethi, Deepak</subfield>
    <subfield code="9">213173</subfield>
  </datafield>
  <datafield tag="245" ind1=" " ind2=" ">
    <subfield code="a">Essentials of Adult Medical Surgical Nursing Volume-I</subfield>
  </datafield>
  <datafield tag="250" ind1=" " ind2=" ">
    <subfield code="a">1st Ed.</subfield>
  </datafield>
  <datafield tag="260" ind1=" " ind2=" ">
    <subfield code="b">Jaypee Brothers Medical Publishers</subfield>
    <subfield code="a">New Delhi</subfield>
    <subfield code="c">2025</subfield>
  </datafield>
  <datafield tag="300" ind1=" " ind2=" ">
    <subfield code="a">XVII;421P.</subfield>
  </datafield>
  <datafield tag="500" ind1=" " ind2=" ">
    <subfield code="a">Intraoperative care, Nursing management of patient with common signs and symptoms, Respiratory disorders, Gastrointestinal system, cardiovascular problems, cardiovascular emergencies, vascular diseases, blood disorder,endocrine system, integumentary disorders, musculoskeletal disorders, communicable disease </subfield>
  </datafield>
  <datafield tag="651" ind1=" " ind2=" ">
    <subfield code="a">Medical Surgical Nursing</subfield>
  </datafield>
  <datafield tag="942" ind1=" " ind2=" ">
    <subfield code="c">BK</subfield>
    <subfield code="2">ddc</subfield>
  </datafield>
  <datafield tag="999" ind1=" " ind2=" ">
    <subfield code="c">367843</subfield>
    <subfield code="d">367843</subfield>
  </datafield>
  <datafield tag="952" ind1=" " ind2=" ">
    <subfield code="0">0</subfield>
    <subfield code="1">0</subfield>
    <subfield code="2">ddc</subfield>
    <subfield code="4">0</subfield>
    <subfield code="7">0</subfield>
    <subfield code="a">SNCN</subfield>
    <subfield code="b">SNCN</subfield>
    <subfield code="d">2025-09-25</subfield>
    <subfield code="e">108</subfield>
    <subfield code="g">536.25</subfield>
    <subfield code="l">5</subfield>
    <subfield code="m">1</subfield>
    <subfield code="o">610.7367/SET</subfield>
    <subfield code="p">SNCN-BK-3661</subfield>
    <subfield code="r">2026-05-13 07:01:03</subfield>
    <subfield code="s">2026-02-24</subfield>
    <subfield code="v">825.00</subfield>
    <subfield code="w">2025-09-25</subfield>
    <subfield code="y">BK</subfield>
  </datafield>
  <datafield tag="952" ind1=" " ind2=" ">
    <subfield code="0">0</subfield>
    <subfield code="1">0</subfield>
    <subfield code="2">ddc</subfield>
    <subfield code="4">0</subfield>
    <subfield code="7">0</subfield>
    <subfield code="a">SNCN</subfield>
    <subfield code="b">SNCN</subfield>
    <subfield code="d">2025-09-25</subfield>
    <subfield code="e">108</subfield>
    <subfield code="g">536.25</subfield>
    <subfield code="l">7</subfield>
    <subfield code="m">1</subfield>
    <subfield code="o">610.7367/SET</subfield>
    <subfield code="p">SNCN-BK-3659</subfield>
    <subfield code="q">2026-04-24</subfield>
    <subfield code="r">2026-03-25 12:24:12</subfield>
    <subfield code="s">2026-03-25</subfield>
    <subfield code="v">825.00</subfield>
    <subfield code="w">2025-09-25</subfield>
    <subfield code="y">BK</subfield>
  </datafield>
  <datafield tag="952" ind1=" " ind2=" ">
    <subfield code="0">0</subfield>
    <subfield code="1">0</subfield>
    <subfield code="2">ddc</subfield>
    <subfield code="4">0</subfield>
    <subfield code="7">0</subfield>
    <subfield code="a">SNCN</subfield>
    <subfield code="b">SNCN</subfield>
    <subfield code="d">2025-09-25</subfield>
    <subfield code="e">108</subfield>
    <subfield code="g">536.25</subfield>
    <subfield code="l">2</subfield>
    <subfield code="o">610.7367/SET</subfield>
    <subfield code="p">SNCN-BK-3662</subfield>
    <subfield code="r">2026-05-13 07:01:38</subfield>
    <subfield code="s">2025-09-30</subfield>
    <subfield code="v">825.00</subfield>
    <subfield code="w">2025-09-25</subfield>
    <subfield code="y">BK</subfield>
  </datafield>
  <datafield tag="952" ind1=" " ind2=" ">
    <subfield code="0">0</subfield>
    <subfield code="1">0</subfield>
    <subfield code="2">ddc</subfield>
    <subfield code="4">0</subfield>
    <subfield code="7">0</subfield>
    <subfield code="a">SNCN</subfield>
    <subfield code="b">SNCN</subfield>
    <subfield code="d">2025-09-25</subfield>
    <subfield code="e">108</subfield>
    <subfield code="g">536.25</subfield>
    <subfield code="l">0</subfield>
    <subfield code="o">610.7367/SET</subfield>
    <subfield code="p">SNCN-BK-3658</subfield>
    <subfield code="r">2025-09-25 00:00:00</subfield>
    <subfield code="v">825.00</subfield>
    <subfield code="w">2025-09-25</subfield>
    <subfield code="y">RF</subfield>
  </datafield>
  <datafield tag="952" ind1=" " ind2=" ">
    <subfield code="0">0</subfield>
    <subfield code="1">0</subfield>
    <subfield code="2">ddc</subfield>
    <subfield code="4">0</subfield>
    <subfield code="7">0</subfield>
    <subfield code="a">SNCN</subfield>
    <subfield code="b">SNCN</subfield>
    <subfield code="d">2025-09-25</subfield>
    <subfield code="e">108</subfield>
    <subfield code="g">536.25</subfield>
    <subfield code="l">5</subfield>
    <subfield code="o">610.7367/SET</subfield>
    <subfield code="p">SNCN-BK-3660</subfield>
    <subfield code="r">2026-01-16 10:22:55</subfield>
    <subfield code="s">2025-12-17</subfield>
    <subfield code="v">825.00</subfield>
    <subfield code="w">2025-09-25</subfield>
    <subfield code="y">BK</subfield>
  </datafield>
</record>
